000 01259nam a22003134a 4500
001 ebr10067289
003 CaPaEBR
006 m u
007 cr cn|||||||||
008 020409s2002 maua sb 001 0 eng
010 _z 2002067819
020 _z1402070950 (alk. paper)
040 _aCaPaEBR
_cCaPaEBR
035 _a(OCoLC)559716196
050 1 4 _aHE336.T7
_bG39 2002eb
082 0 4 _a388.3/14/01
_221
100 1 _aGazis, Denos C.,
_d1930-
245 1 0 _aTraffic theory
_h[electronic resource] /
_cby Denos C. Gazis.
260 _aBoston :
_bKluwer Academic,
_cc2002.
300 _axiv, 259 p. :
_bill.
490 1 _aInternational series in operations research & management science ;
_v50
504 _aIncludes bibliographical references and index.
533 _aElectronic reproduction.
_bPalo Alto, Calif. :
_cebrary,
_d2013.
_nAvailable via World Wide Web.
_nAccess may be limited to ebrary affiliated libraries.
650 0 _aTraffic flow.
655 7 _aElectronic books.
_2local
710 2 _aebrary, Inc.
830 0 _aInternational series in operations research & management science ;
_v50.
856 4 0 _uhttp://site.ebrary.com/lib/rucke/Doc?id=10067289
_zAn electronic book accessible through the World Wide Web; click to view
999 _c162621
_d162621